Т. 59, № 5; Теплофизика высоких температур

Xehetasun bibliografikoak
Parent link:Теплофизика высоких температур: научный журнал/ Российская академия наук (РАН). Т. 59, № 5.— , 1964-.— 0040-3644
Gaia:Режим доступа: по договору с организацией-держателем ресурса
Hizkuntza:errusiera
Argitaratua: 2021
Sarrera elektronikoa:https://www.elibrary.ru/contents.asp?id=47423637
Formatua: MixedMaterials Baliabide elektronikoa Liburua
KOHA link:https://koha.lib.tpu.ru/cgi-bin/koha/opac-detail.pl?biblionumber=586893

MARC

LEADER 00000nam2a2200000 4500
001 586893
005 20231101131427.0
035 |a (RuTPU)RU\TPU\prd\289485 
035 |a RU\TPU\prd\289231 
090 |a 586893 
100 |a 20220118a19639999k y0rusy50 ca 
101 0 |a rus 
102 |a RU 
181 0 |a i  
182 0 |a b 
200 0 |a Т. 59, № 5  |b Электронный ресурс 
203 |a Текст  |c электронный 
210 |d 2021 
333 |a Режим доступа: по договору с организацией-держателем ресурса 
461 1 |0 (RuTPU)RU\TPU\prd\377  |x 0040-3644  |t Теплофизика высоких температур  |o научный журнал  |f Российская академия наук (РАН)  |v Т. 59, № 5  |d 1964- 
801 0 |a RU  |b 63413507  |c 20010227  |g PSBO 
801 1 |a RU  |b 63413507  |c 20170713 
801 2 |a RU  |b 63413507  |c 20220118  |g RCR 
856 4 0 |u https://www.elibrary.ru/contents.asp?id=47423637 
942 |c BK